TV Scientists Quiz Stats

Quiz Updated Jul 16, 2012

Challenge
Share
Tweet
Score 0/20 Timer 05:00
5 Plays Today
TV Scientist % Correct
Spock - Star Trek
97.3%
Sheldon Cooper - Big Bang Theory
87.1%
Dana Scully - X-Files
78.6%
Brain - Animaniacs
78.2%
Dexter - Dexter's Laboratory
73.7%
Bill Nye - Bill Nye the Science Guy
72.2%
The Doctor - Doctor Who
69.4%
Temperance Brennan - Bones
69.4%
Walter White - Breaking Bad
68.9%
Hubert Farnsworth - Futurama
62.5%
TV Scientist % Correct
Bunsen Honeydew - The Muppet Show
60.9%
Abby Sciuto - NCIS
60.8%
Gil Grissom - CSI
52.3%
The Professor - Gilligan's Island
51.5%
David Banner - The Incredible Hulk
45.2%
Sam Beckett - Quantum Leap
43.9%
Carl Sagan - Cosmos
38.2%
Walter Bishop - Fringe
29.7%
Noah Bennet - Heroes
24.8%
Mr. Wizard - Mr. Wizard's World
14.4%

You're not logged in!

Compare scores with friends on all Sporcle quizzes.
Join for Free
OR
Log In

You Might Also Like...

Show Comments

Extras

Top Quizzes Today


Score Distribution

Your Account Isn't Verified!

In order to create a playlist on Sporcle, you need to verify the email address you used during registration. Go to your Sporcle Settings to finish the process.

Report this User

Report this user for behavior that violates our Community Guidelines.

Details: